[Event "Parma Province-ch"]
[Site "Salsomaggiore Terme"]
[Date "2016.03.19"]
[Round "1"]
[White "Pagani, Fausto"]
[Black "Brogneri, Giovanni"]
[Result "0-1"]
[WhiteElo "1571"]
[BlackElo "1843"]
[PlyCount "126"]
[EventDate "2016.03.18"]
[EventType "swiss"]
[EventRounds "5"]
[EventCountry "ITA"]
[SourceTitle "EXT 2018"]
[Source "ChessBase"]
[SourceDate "2017.10.13"]
[SourceVersion "1"]
[SourceVersionDate "2017.10.13"]
[SourceQuality "1"]

1. d4 e6 2. c4 b6 3. Nc3 Bb7 4. Nf3 Nf6 5. e3 Na6 6. a3 c5 7. Nb5 Be7 8. Be2 0-0 9. 0-0 Re8 10. b3 Nc7 11. dxc5 Nxb5 12. cxb5 bxc5 13. Bb2 Qc7 14. Rc1 Rac8 15. b4 Ng4 16. h3 Bxf3 17. hxg4 Bxe2 18. Qxe2 c4 19. Rc2 d5 20. f4 Qd7 21. Bd4 Qxb5 22. f5 Bg5 23. fxe6 fxe6 24. Bxa7 Be7 25. Bd4 Bd6 26. Qd2 Rf8 27. Rxf8+ Rxf8 28. Qc3 Qb8 29. Qa1 Qc7 30. b5 Qe7 31. a4 Qh4 32. Be5 Bxe5 33. Qxe5 Qxg4 34. Rc1 h5 35. b6 h4 36. b7 h3 37. Qh2 e5 38. Qxh3 Qxh3 39. gxh3 Rb8 40. Rb1 c3 41. Rc1 d4 42. a5 Rxb7 43. exd4 exd4 44. Kf1 Ra7 45. Ke2 Rxa5 46. Kd3 Rd5 47. Ke4 Rd7 48. Kd3 Kh7 49. Rh1 Kh6 50. h4 g6 51. Rh2 Kh5 52. Rh3 Rd6 53. Kc2 Kg4 54. Rh1 Kf4 55. Kd3 Kf3 56. h5 g5 57. h6 Rd8 58. h7 Rh8 59. Kxd4 c2 60. Ke5 Rxh7 61. Rc1 Rc7 62. Kf5 Rc5+ 63. Ke6 Ke2 0-1

[Event "Parma Province-ch"]
[Site "Salsomaggiore Terme"]
[Date "2015.03.22"]
[Round "4"]
[White "Brogneri, Giovanni"]
[Black "Melino, Gianluca"]
[Result "0-1"]
[WhiteElo "1801"]
[BlackElo "1790"]
[PlyCount "97"]
[EventDate "2015.03.20"]
[EventType "swiss"]
[EventRounds "5"]
[EventCountry "ITA"]
[SourceTitle "EXT 2017"]
[Source "ChessBase"]
[SourceDate "2016.10.25"]
[SourceVersion "1"]
[SourceVersionDate "2016.10.25"]
[SourceQuality "1"]

1. c4 g6 2. g3 Bg7 3. Bg2 d6 4. Nc3 Nf6 5. d4 0-0 6. e4 e5 7. d5 a5 8. Nge2 Na6 9. f3 Bd7 10. Be3 Ne8 11. Qd2 f5 12. 0-0 Nf6 13. Bg5 Qe8 14. Rac1 Nc5 15. Be3 b6 16. b3 fxe4 17. Nxe4 Ncxe4 18. fxe4 Bg4 19. h3 Bd7 20. a3 Rf7 21. Kh2 Qe7 22. Ng1 Raf8 23. b4 axb4 24. axb4 Qe8 25. Qe2 h5 26. c5 Bb5 27. Qc2 Bxf1 28. Rxf1 bxc5 29. bxc5 Ng4+ 30. hxg4 Rxf1 31. Bxf1 Rxf1 32. gxh5 gxh5 33. Qe2 Qf7 34. Kg2 Rf6 35. c6 Qg6 36. Ba7 h4 37. Qd3 hxg3 38. Ne2 Bh6 39. Qxg3 Bg5 40. Qg4 Be3 41. Qxg6+ Rxg6+ 42. Kf3 Bxa7 43. Nc3 Rf6+ 44. Ke2 Rf2+ 45. Kd1 Kf7 46. Nb5 Bb6 47. Nc3 Ke7 48. Na4 Rf4 49. Nc3 0-1

[Event "Calabria Province-ch"]
[Site "Crotone"]
[Date "2012.12.30"]
[Round "4"]
[White "Brogneri, Giovanni"]
[Black "Grillo, Gianluca"]
[Result "1-0"]
[WhiteElo "1796"]
[BlackElo "1335"]
[PlyCount "87"]
[EventDate "2012.12.28"]
[EventType "swiss"]
[EventRounds "5"]
[EventCountry "ITA"]
[SourceTitle "EXT 2024"]
[Source "ChessBase"]
[SourceDate "2023.10.10"]
[SourceVersion "1"]
[SourceVersionDate "2023.10.10"]
[SourceQuality "1"]

1. e4 d6 2. d4 g6 3. f4 Bg7 4. Nf3 Nf6 5. Bd3 a6 6. h3 b5 7. Be3 Bb7 8. Nbd2 Nbd7 9. c3 c5 10. d5 b4 11. c4 Nh5 12. g4 Bxb2 13. Rb1 Bc3 14. gxh5 f5 15. exf5 gxh5 16. Ng5 Nf6 17. Ne6 Qa5 18. Kf2 Kd7 19. Qc2 Rhg8 20. Ne4 Nxe4+ 21. Bxe4 h4 22. Rhg1 Rxg1 23. Rxg1 Qa3 24. Qb3 Qxb3 25. axb3 a5 26. Bc2 Bf6 27. Ng5 Rh8 28. Ne4 Kc7 29. Nxf6 exf6 30. Rg7+ Kb6 31. Rf7 Bc8 32. Rxf6 Kc7 33. Rh6 Bd7 34. Rxh4 a4 35. bxa4 h5 36. f6 Be8 37. f5 Rf8 38. Bg5 Kb6 39. Re4 Bd7 40. Re7 Rd8 41. f7 Bxf5 42. Bxf5 b3 43. Rb7+ Kxb7 44. Bxd8 1-0

[Event "Costa Viola op-B 5th"]
[Site "Palmi"]
[Date "2012.01.03"]
[Round "2"]
[White "Brogneri, Giovanni"]
[Black "Carrozza, Gregorio"]
[Result "1-0"]
[WhiteElo "1797"]
[BlackElo "1689"]
[PlyCount "59"]
[EventDate "2012.01.02"]
[EventType "swiss"]
[EventRounds "8"]
[EventCountry "ITA"]
[SourceTitle "EXT 2023"]
[Source "ChessBase"]
[SourceDate "2022.10.05"]
[SourceVersion "1"]
[SourceVersionDate "2022.10.05"]
[SourceQuality "1"]

1. c4 e5 2. g3 Nc6 3. Bg2 f5 4. d3 Nf6 5. Nc3 Bb4 6. e3 Bxc3+ 7. bxc3 0-0 8. Ne2 d5 9. cxd5 Nxd5 10. Ba3 Re8 11. Qb3 Be6 12. Qxb7 Qd7 13. Qb1 f4 14. exf4 exf4 15. 0-0 Bg4 16. Bxd5+ Qxd5 17. Nxf4 Qf3 18. h3 Rab8 19. Qc2 Re6 20. Nxe6 Bxe6 21. Qd1 Qf5 22. g4 Qf6 23. d4 Bd5 24. Qd3 g6 25. Rfe1 Rd8 26. Qg3 Qf7 27. Re2 Rd7 28. Rae1 Bxa2 29. Re8+ Kg7 30. Bf8+ 1-0

[Event "Amantea op-B 9th"]
[Site "Amantea"]
[Date "2011.09.05"]
[Round "2"]
[White "Tricomi, Massimo"]
[Black "Brogneri, Giovanni"]
[Result "1/2-1/2"]
[WhiteElo "1889"]
[BlackElo "1736"]
[PlyCount "88"]
[EventDate "2011.09.04"]
[EventType "swiss"]
[EventRounds "8"]
[EventCountry "ITA"]
[SourceTitle "EXT 2014"]
[Source "ChessBase"]
[SourceDate "2013.11.20"]
[SourceVersion "1"]
[SourceVersionDate "2013.11.20"]
[SourceQuality "1"]

1. e4 e6 2. Nf3 d5 3. Nc3 dxe4 4. Nxe4 Nf6 5. Nxf6+ Qxf6 6. d4 h6 7. Be3 Bd6 8. g3 Bd7 9. Bg2 Bc6 10. c4 Bb4+ 11. Kf1 Be7 12. Ne5 Bxg2+ 13. Kxg2 0-0 14. Qh5 Bd6 15. Ng4 Qf5 16. Qxf5 exf5 17. Ne5 Bxe5 18. dxe5 Nc6 19. f4 Rad8 20. Rhd1 a6 21. Kf3 Rxd1 22. Rxd1 Rd8 23. Rxd8+ Nxd8 24. Ke2 Kf8 25. Kd3 Ne6 26. b4 c6 27. Bb6 Ke7 28. a4 Kd7 29. Ke3 h5 30. Kf3 g6 31. h3 Kc8 32. g4 hxg4+ 33. hxg4 fxg4+ 34. Kxg4 Kd7 35. Kf3 Nf8 36. Ke4 Ke6 37. b5 cxb5 38. cxb5 axb5 39. axb5 Nd7 40. Bd8 Nc5+ 41. Kd4 Nd7 42. Bg5 Nb6 43. Bd8 Nd7 44. Bg5 Nb6 1/2-1/2

[Event "Praia op 3rd"]
[Site "Praia a Mare"]
[Date "2011.04.22"]
[Round "5"]
[White "Felace, Luca"]
[Black "Brogneri, Giovanni"]
[Result "1-0"]
[WhiteElo "1407"]
[BlackElo "1696"]
[PlyCount "83"]
[EventDate "2011.04.20"]
[EventType "swiss"]
[EventRounds "5"]
[EventCountry "ITA"]
[SourceTitle "EXT 2023"]
[Source "ChessBase"]
[SourceDate "2022.10.05"]
[SourceVersion "1"]
[SourceVersionDate "2022.10.05"]
[SourceQuality "1"]

1. e4 e6 2. d4 b6 3. Nc3 Bb7 4. Nf3 Bb4 5. Bd3 Nf6 6. Bd2 Bxc3 7. Bxc3 Nxe4 8. Bxe4 Bxe4 9. Qe2 Bb7 10. Rd1 0-0 11. 0-0 Ba6 12. Qe5 d6 13. Qh5 Bxf1 14. Kxf1 Nd7 15. Bd2 Nf6 16. Qh3 Ne4 17. Be3 f5 18. Qh5 f4 19. Bc1 Qf6 20. Re1 d5 21. Ne5 Qf5 22. Qh4 g5 23. Qh5 Nf6 24. Qe2 Rae8 25. c3 g4 26. f3 gxf3 27. Qxf3 Nh5 28. Kg1 Re7 29. b3 Rg7 30. Ba3 Rf6 31. c4 c6 32. Nxc6 Rfg6 33. Ne7+ Kf7 34. Nxf5 Rxg2+ 35. Qxg2 Rxg2+ 36. Kxg2 exf5 37. Re7+ Kg6 38. cxd5 Nf6 39. Re6 Kf7 40. Rxf6+ Kxf6 41. Kf3 Kg5 42. d6 1-0

[Event "Praia op 3rd"]
[Site "Praia a Mare"]
[Date "2011.04.21"]
[Round "2"]
[White "Brogneri, Giovanni"]
[Black "Carlomagno, Vincenzo"]
[Result "0-1"]
[WhiteElo "1696"]
[BlackElo "1871"]
[PlyCount "129"]
[EventDate "2011.04.20"]
[EventType "swiss"]
[EventRounds "5"]
[EventCountry "ITA"]
[SourceTitle "EXT 2023"]
[Source "ChessBase"]
[SourceDate "2022.10.05"]
[SourceVersion "1"]
[SourceVersionDate "2022.10.05"]
[SourceQuality "1"]

1. c4 c5 2. Nc3 g6 3. g3 Bg7 4. Bg2 Nc6 5. e4 d6 6. Nge2 e6 7. d3 Nge7 8. 0-0 0-0 9. Be3 Nd4 10. Qd2 Nec6 11. Bh6 Qa5 12. Bxg7 Kxg7 13. Rfd1 Nxe2+ 14. Nxe2 Qxd2 15. Rxd2 e5 16. Rf1 Be6 17. f4 f6 18. h3 Rab8 19. b3 a6 20. a4 b5 21. axb5 axb5 22. Ra1 bxc4 23. bxc4 Ra8 24. Rda2 Rxa2 25. Rxa2 Nb4 26. Ra7+ Rf7 27. Rxf7+ Kxf7 28. Nc1 Ke7 29. fxe5 dxe5 30. Kf2 Bd7 31. Ke3 Ba4 32. Bf1 Bc2 33. g4 Kd6 34. Be2 Kc6 35. Kd2 Kb6 36. Bd1 Bb1 37. Ke3 Kc7 38. Nb3 Bxd3 39. Nxc5 Bxc4 40. h4 Kc6 41. Nb3 Bxb3 42. Bxb3 g5 43. hxg5 fxg5 44. Be6 Nc2+ 45. Kf2 Nd4 46. Bg8 h6 47. Ke3 Kd6 48. Bd5 Kc5 49. Bf7 Kb4 50. Kd3 Nb3 51. Bg6 Nc5+ 52. Ke3 Kc3 53. Bf5 Nb3 54. Bg6 Nd4 55. Bh7 Nc2+ 56. Ke2 Kd4 57. Kf3 Kd3 58. Bf5 Nd4+ 59. Kf2 Kd2 60. Kf1 Ke3 61. Kg2 Kf4 62. Kf2 Nc2 63. Ke2 Ne3 64. Kf2 Nxg4+ 65. Kg2 0-1

[Event "Praia op 2nd"]
[Site "Praia a Mare"]
[Date "2010.04.01"]
[Round "3"]
[White "Brogneri, Giovanni"]
[Black "Forlano, Luigi"]
[Result "0-1"]
[WhiteElo "1661"]
[BlackElo "2011"]
[PlyCount "34"]
[EventDate "2010.03.31"]
[EventType "swiss"]
[EventRounds "5"]
[EventCountry "ITA"]
[SourceTitle "EXT 2023"]
[Source "ChessBase"]
[SourceDate "2022.10.05"]
[SourceVersion "1"]
[SourceVersionDate "2022.10.05"]
[SourceQuality "1"]

1. e4 c5 2. Nc3 g6 3. g3 Bg7 4. Bg2 Nc6 5. d3 Rb8 6. Be3 d6 7. Rb1 Nf6 8. f3 0-0 9. Nge2 b5 10. a4 b4 11. Nd5 b3 12. c3 Nxd5 13. exd5 Ne5 14. Nc1 c4 15. dxc4 Bf5 16. Ra1 Nxc4 17. Qe2 Bxc3+ 0-1